Estudio técnico económico del sistema de distribución del centro de importación y distribución OCAL S.A.
El presente estudio tiene como objetivo fundamental, analizar la posibilidad de sub - contratar camiones de carga para la distribución de los productos de la empresa OCAL S.A. a nivel nacional del segmento mayorista dado que este posee una mejor estabilidad de crecimiento en relación a los demás...
| Main Authors: | , |
|---|---|
| Other Authors: | |
| Format: | Tesis Section = Libro |
| Language: | Undetermined Spanish |
| Published: |
Managua
UNI
2012
|
| Subjects: |
| LEADER | 01188nam a2200253Ia 4500 | ||
|---|---|---|---|
| 008 | 240830s9999 xx 000 0 und d | ||
| 040 | |a BIBLIOTECA-RUPAP Mon 388.324042 O81 | ||
| 041 | |a spa | ||
| 082 | |a Mon 388.324042 O81 | ||
| 100 | 1 | |a Osejo Romero, Suyen del Carmen | |
| 100 | 1 | |b Martínez Cano, Dietmar Enqelbert | |
| 245 | 1 | 0 | |a Estudio técnico económico del sistema de distribución del centro de importación y distribución OCAL S.A. |
| 260 | |a Managua |b UNI |c 2012 | ||
| 300 | |a 103 p. :il. | ||
| 500 | |a Contiene: anexos e Incluye: CD. | ||
| 502 | |a Tesis (Ingeniero Industrial)- UNI, 2012. | ||
| 520 | 3 | |a El presente estudio tiene como objetivo fundamental, analizar la posibilidad de sub - contratar camiones de carga para la distribución de los productos de la empresa OCAL S.A. a nivel nacional del segmento mayorista dado que este posee una mejor estabilidad de crecimiento en relación a los demás segmentos. | |
| 650 | 7 | |a TRANSPORTE - SERVICIO DE CAMIONES TRANSPORTE - ANALISIS DE COSTOS | |
| 650 | 7 | |b RUTAS COMERCIALES | |
| 650 | 7 | |c EMPRESAS DE TRABAJO | |
| 700 | 1 | |a Tutor: |b Morgan Espinoza, Ramon Alberto | |
| 942 | |c BK |2 ddc | ||
| 991 | |a TESIS | ||
| 999 | |c 15617 | ||